6-Letter Clickagrams Quiz Stats

 Plays Quiz Updated Mar 18, 2015

Challenge
Share
Tweet
Score 0/30 Timer 03:00
0 Plays Today
% Correct
garden
80.3%
bustle
79.7%
filets
78.4%
beater
77.1%
elapse
76.3%
diaper
76.1%
lemons
75.3%
recall
75.2%
duster
75%
trifle
73.9%
meteor
73.8%
assert
71.4%
marine
71.2%
chaser
71.1%
hatred
70.6%
% Correct
endear
69.6%
priest
68.3%
softer
67.9%
desert
67.1%
enlist
66.1%
reload
65.4%
driest
64.2%
ladies
63.1%
rashes
62.7%
spread
62.4%
learnt
61%
enters
59.7%
tailed
58.7%
sedate
51.8%
treads
51%

You're not logged in!

Compare scores with friends on all Sporcle quizzes.
Join for Free
OR
Log In

You Might Also Like...

Show Comments

Extras

Top Quizzes Today


Score Distribution

Your Account Isn't Verified!

In order to create a playlist on Sporcle, you need to verify the email address you used during registration. Go to your Sporcle Settings to finish the process.

Report this User

Report this user for behavior that violates our Community Guidelines.

Details: